00948cam a2200253 a 450000100100000000500170001000800410002702000150006804000230008308200190010610000280012524500470015326000350020030000280023544000390026350400410030260000460034365000630038965000300045270000410048291000340052395201220055799900150067900000339920200929150429.0890808s1989 ck a b 000 0 spa  a9589043615 aDO-SdBNPcDLCdDLC aCO860.9bP349j1 aPeña, Isaías91059310aJosé Eustasio Rivera /cIsaías Peña. aBogotá :bProcultura,c1989. a142 p. :bil. ;c19 cm. 0aClásicos colombianos ;v2910583 aIncluye referencias bibliográficas10aRIVERA JOSÉ, EUSTASIOd1888-1928910594 4aLiteratura colombianaxCrítica e interpretación910595 4aCrítica literaria931411 aPeña Gutiérrez, Isaías.910596 aCatalogación por copia / LC 001052708MOaGRbGRcHDd2009-07-08iLF1l0oCO860.9 P349jp3399-10r2020-06-25w2020-06-25y2ZPréstamo interno c3229d3229